Trending Rappers 2017-2018 - Statistics

General Stats
  • This quiz has been taken 444 times
  • The average score is 7 of 15
Answer Stats
Song Answer % Correct
God's Plan Drake
97%
XO Tour Lif3 Lil Uzi Vert
92%
DNA Kendrick Lamar
83%
Better Now Post Malone
74%
Unforgettable French Montana
66%
Tati 6ix9ine
53%
Powerglide Rae Sremmurd
42%
Famous Kanye West
36%
Designer Lil Pump
24%
Comin Out Strong Future
23%
Perfect Timing NAV
22%
Reminder The Weeknd
18%
Kill4u Lil Skies
14%
Activated Tee Grizzley
7%
4 Days Belly
6%
No matching quizzes found
Score Distribution
Percent of People with Each Score
Percentile by Number Answered
Your Score History
You have not taken this quiz